Theoretical Aspects of Computing - ICTAC 2019 16th International Colloquium, Hammamet, Tunisia, October 31 - November 4, 2019, Proceedings /

This book constitutes the refereed proceedings of the 16th International Colloquium on Theoretical Aspects of Computing, ICTAC 2019, held in Hammamet, Tunisia, in October/November 2019. The 17 revised full papers presented together with 2 keynote papers and 1 industrial paper were carefully reviewed...

Full description

Bibliographic Details
Corporate Author: SpringerLink (Online service)
Other Authors: Hierons, Robert Mark (Editor, http://id.loc.gov/vocabulary/relators/edt), Mosbah, Mohamed (Editor, http://id.loc.gov/vocabulary/relators/edt)
Format: Electronic eBook
Language:English
Published: Cham : Springer International Publishing : Imprint: Springer, 2019.
Edition:1st ed. 2019.
Series:Theoretical Computer Science and General Issues ; 11884
Subjects:
Online Access:Full Text via HEAL-Link
LEADER 03404nam a2200589 4500
001 978-3-030-32505-3
003 DE-He213
005 20191028091551.0
007 cr nn 008mamaa
008 191025s2019 gw | s |||| 0|eng d
020 |a 9783030325053  |9 978-3-030-32505-3 
024 7 |a 10.1007/978-3-030-32505-3  |2 doi 
040 |d GrThAP 
050 4 |a QA76.9.L63 
050 4 |a QA76.5913 
072 7 |a UM  |2 bicssc 
072 7 |a COM051000  |2 bisacsh 
072 7 |a UM  |2 thema 
072 7 |a UYF  |2 thema 
082 0 4 |a 005.1015113  |2 23 
245 1 0 |a Theoretical Aspects of Computing - ICTAC 2019  |h [electronic resource] :  |b 16th International Colloquium, Hammamet, Tunisia, October 31 - November 4, 2019, Proceedings /  |c edited by Robert Mark Hierons, Mohamed Mosbah. 
250 |a 1st ed. 2019. 
264 1 |a Cham :  |b Springer International Publishing :  |b Imprint: Springer,  |c 2019. 
300 |a XI, 411 p. 1919 illus., 379 illus. in color.  |b online resource. 
336 |a text  |b txt  |2 rdacontent 
337 |a computer  |b c  |2 rdamedia 
338 |a online resource  |b cr  |2 rdacarrier 
347 |a text file  |b PDF  |2 rda 
490 1 |a Theoretical Computer Science and General Issues ;  |v 11884 
505 0 |a Models and Transition Systems -- Real-Time and Temporal Logics -- Verification and Concurrency -- Privacy and Security -- Equations, Types, and Programming Languages. . 
520 |a This book constitutes the refereed proceedings of the 16th International Colloquium on Theoretical Aspects of Computing, ICTAC 2019, held in Hammamet, Tunisia, in October/November 2019. The 17 revised full papers presented together with 2 keynote papers and 1 industrial paper were carefully reviewed and selected from 138 submissions. The papers are grouped in topical sections on models and transition systems; real-time and temporal logics; verification and concurrency; privacy and security; equations, types, and programming languages. . 
650 0 |a Computer logic. 
650 0 |a Mathematical logic. 
650 0 |a Optical data processing. 
650 0 |a Machine learning. 
650 0 |a Robotics. 
650 1 4 |a Logics and Meanings of Programs.  |0 http://scigraph.springernature.com/things/product-market-codes/I1603X 
650 2 4 |a Mathematical Logic and Formal Languages.  |0 http://scigraph.springernature.com/things/product-market-codes/I16048 
650 2 4 |a Image Processing and Computer Vision.  |0 http://scigraph.springernature.com/things/product-market-codes/I22021 
650 2 4 |a Machine Learning.  |0 http://scigraph.springernature.com/things/product-market-codes/I21010 
650 2 4 |a Robotics.  |0 http://scigraph.springernature.com/things/product-market-codes/I21050 
700 1 |a Hierons, Robert Mark.  |e editor.  |0 (orcid)0000-0002-4771-1446  |1 https://orcid.org/0000-0002-4771-1446  |4 edt  |4 http://id.loc.gov/vocabulary/relators/edt 
700 1 |a Mosbah, Mohamed.  |e editor.  |0 (orcid)0000-0001-6031-4237  |1 https://orcid.org/0000-0001-6031-4237  |4 edt  |4 http://id.loc.gov/vocabulary/relators/edt 
710 2 |a SpringerLink (Online service) 
773 0 |t Springer eBooks 
776 0 8 |i Printed edition:  |z 9783030325046 
776 0 8 |i Printed edition:  |z 9783030325060 
830 0 |a Theoretical Computer Science and General Issues ;  |v 11884 
856 4 0 |u https://doi.org/10.1007/978-3-030-32505-3  |z Full Text via HEAL-Link 
912 |a ZDB-2-SCS 
912 |a ZDB-2-LNC 
950 |a Computer Science (Springer-11645)